[Event "Landesliga Nord 1415"]
[Site "Bayern"]
[Date "2014.12.07"]
[Round "4.1"]
[White "Ederer, Rene"]
[Black "Englert, Fabian"]
[Result "1/2-1/2"]
[WhiteElo "2192"]
[BlackElo "2371"]
[PlyCount "43"]
[EventDate "2014.10.19"]
[EventType "team-tourn"]
[EventRounds "9"]
[EventCountry "GER"]
[SourceTitle "EXT 2018"]
[Source "ChessBase"]
[SourceDate "2017.10.13"]
[SourceVersion "1"]
[SourceVersionDate "2017.10.13"]
[SourceQuality "1"]
[WhiteTeam "Nuernberg NT II"]
[BlackTeam "Klingenberg"]
[WhiteTeamCountry "GER"]
[BlackTeamCountry "GER"]

1. Nf3 g6 2. e4 Bg7 3. d4 d6 4. h3 Nf6 5. Nc3 0-0 6. Be3 c6 7. Qd2 b5 8. Bd3 b4 9. Ne2 d5 10. e5 Ne4 11. Qxb4 c5 12. Qa3 Nc6 13. dxc5 Nxe5 14. Nxe5 Bxe5 15. Bd4 Bxd4 16. Nxd4 e5 17. Nb5 Qh4 18. 0-0 Ng5 19. Rfe1 Nf3+ 20. gxf3 Bxh3 21. Bf1 Qg5+ 22. Kh2 1/2-1/2

[Event "Mittelfranken-ch HT 63rd"]
[Site "Nuremberg"]
[Date "2014.04.17"]
[Round "6"]
[White "Ederer, Rene"]
[Black "Wagner, Florian"]
[Result "1-0"]
[WhiteElo "2116"]
[BlackElo "2189"]
[PlyCount "75"]
[EventDate "2014.04.15"]
[EventType "swiss"]
[EventRounds "9"]
[EventCountry "GER"]
[SourceTitle "EXT 2022"]
[Source "ChessBase"]
[SourceDate "2021.10.06"]
[SourceVersion "1"]
[SourceVersionDate "2021.10.06"]
[SourceQuality "1"]

1. d4 d5 2. c4 c6 3. Nf3 Nf6 4. Nc3 a6 5. cxd5 cxd5 6. Qb3 Nc6 7. Bg5 e6 8. e3 Be7 9. Bd3 0-0 10. 0-0 b5 11. Rac1 Bb7 12. Qd1 Rc8 13. Qe2 Na5 14. Rfd1 Nc4 15. b3 Nd6 16. a4 b4 17. Bxf6 Bxf6 18. Nb1 a5 19. Ne1 g6 20. h3 Qe7 21. Qb2 e5 22. dxe5 Bxe5 23. Qe2 Ne4 24. Nf3 Bg7 25. Bxe4 dxe4 26. Nd4 Rxc1 27. Rxc1 Bxd4 28. exd4 Re8 29. Rd1 Bd5 30. Nd2 Rc8 31. Nc4 Bxc4 32. bxc4 Qd7 33. Qa2 Qc6 34. c5 Rd8 35. Qc4 Qxa4 36. Qe2 Qd7 37. d5 h6 38. c6 1-0

[Event "Mittelfranken-ch HT 63rd"]
[Site "Nuremberg"]
[Date "2014.04.15"]
[Round "2"]
[White "Tong, Kevin"]
[Black "Ederer, Rene"]
[Result "0-1"]
[WhiteElo "1699"]
[BlackElo "2116"]
[PlyCount "86"]
[EventDate "2014.04.15"]
[EventType "swiss"]
[EventRounds "9"]
[EventCountry "GER"]
[SourceTitle "EXT 2022"]
[Source "ChessBase"]
[SourceDate "2021.10.06"]
[SourceVersion "1"]
[SourceVersionDate "2021.10.06"]
[SourceQuality "1"]

1. e4 d6 2. d4 Nf6 3. Nc3 g6 4. Be3 c6 5. f3 Nbd7 6. Qd2 e5 7. Bc4 Bg7 8. Nge2 Qe7 9. g4 Nb6 10. Bb3 h5 11. gxh5 Nxh5 12. 0-0-0 Bd7 13. Kb1 Nf6 14. a3 Be6 15. d5 cxd5 16. Nxd5 Nbxd5 17. exd5 Bd7 18. Nc3 Qf8 19. Qe2 a6 20. Na4 Bxa4 21. Bxa4+ b5 22. Bb3 Qe7 23. a4 Qd7 24. axb5 axb5 25. Qd2 Qc8 26. Qb4 Qa6 27. Kc1 Bh6 28. Bxh6 Rxh6 29. Rde1 Nd7 30. h4 Ke7 31. f4 Rh5 32. fxe5 Rxe5 33. Rxe5+ Nxe5 34. Re1 Kd7 35. Qc3 Rc8 36. Qh3+ Ke7 37. Qg3 Qa1+ 38. Kd2 Qxb2 39. h5 Qd4+ 40. Ke2 Rc3 41. Qg5+ Kd7 42. Qd2 Qg4+ 43. Kf2 Rf3+ 0-1

[Event "Landesliga Nord 1314"]
[Site "Bayern"]
[Date "2013.11.24"]
[Round "3.4"]
[White "Ederer, Rene"]
[Black "Heimerdinger, Joerg"]
[Result "1-0"]
[WhiteElo "2120"]
[BlackElo "2150"]
[PlyCount "81"]
[EventDate "2013.10.13"]
[EventType "team"]
[EventRounds "9"]
[EventCountry "GER"]
[SourceTitle "EXT 2015"]
[Source "ChessBase"]
[SourceDate "2014.11.20"]
[SourceVersion "1"]
[SourceVersionDate "2014.11.20"]
[SourceQuality "1"]
[WhiteTeam "Nuernberg NT II"]
[BlackTeam "Bindlach II"]
[WhiteTeamCountry "GER"]
[BlackTeamCountry "GER"]

1. d4 Nf6 2. Bg5 d5 3. c4 Bf5 4. Nc3 Ne4 5. Bh4 dxc4 6. Nxe4 Bxe4 7. f3 Bc6 8. e4 b5 9. a4 a6 10. d5 Bb7 11. axb5 axb5 12. Rxa8 Bxa8 13. b3 c6 14. Qa1 Nd7 15. bxc4 b4 16. Ne2 c5 17. Nf4 Qc8 18. g3 Rg8 19. Nh3 h6 20. f4 e6 21. Bd3 Be7 22. Bxe7 Kxe7 23. 0-0 Bb7 24. Qb2 Qc7 25. Nf2 e5 26. Ng4 f6 27. Ne3 Ra8 28. Qe2 Kf8 29. Nf5 Re8 30. d6 Qc6 31. Qg4 g5 32. Qh5 exf4 33. Qxh6+ Kf7 34. Qh7+ Ke6 35. Ng7+ Ke5 36. Nxe8 Kd4 37. Rd1 Kc3 38. Qf5 Ne5 39. Qxf6 Qxe8 40. d7 Qxd7 41. Qxe5+ 1-0

[Event "Landesliga Nord 1213"]
[Site "Bayern"]
[Date "2013.02.24"]
[Round "7.4"]
[White "Zuehlke, Burkhard"]
[Black "Ederer, Rene"]
[Result "1-0"]
[WhiteElo "2084"]
[BlackElo "2149"]
[PlyCount "87"]
[EventDate "2012.10.14"]
[EventType "team-tourn"]
[EventRounds "9"]
[EventCountry "GER"]
[SourceTitle "EXT 2015"]
[Source "ChessBase"]
[SourceDate "2014.11.20"]
[SourceVersion "1"]
[SourceVersionDate "2014.11.20"]
[SourceQuality "1"]
[WhiteTeam "Zirndorf"]
[BlackTeam "Nuernberg NT II"]
[WhiteTeamCountry "GER"]
[BlackTeamCountry "GER"]

1. d4 Nf6 2. c4 c5 3. d5 e6 4. Nc3 exd5 5. cxd5 d6 6. Nf3 g6 7. Nd2 Nbd7 8. e4 Bg7 9. Be2 a6 10. a4 0-0 11. 0-0 Ne8 12. Nc4 Nb6 13. Ne3 Rb8 14. a5 Na8 15. Nc4 Bd7 16. Na4 Bb5 17. Bd2 Bxc4 18. Bxc4 Nf6 19. Qc2 Re8 20. Rfe1 Nd7 21. Rac1 Bd4 22. Bc3 Bxc3 23. Qxc3 Qg5 24. g3 Nc7 25. f4 Qd8 26. Qd2 Nb5 27. Kg2 Rc8 28. Re3 Qc7 29. b4 cxb4 30. Qxb4 Nf6 31. Nb6 Qc5 32. Qxc5 Rxc5 33. e5 dxe5 34. fxe5 Ng4 35. Re4 h5 36. d6 Rcxe5 37. Rxe5 Nxe5 38. d7 Rd8 39. Bxb5 axb5 40. Rc8 Nc6 41. Kf2 Kf8 42. a6 bxa6 43. Rxc6 Ke7 44. Ke3 1-0

[Event "Landesliga Nord 1213"]
[Site "Bayern"]
[Date "2012.10.14"]
[Round "1.4"]
[White "Ederer, Rene"]
[Black "Dey, Jan Marten"]
[Result "1/2-1/2"]
[WhiteElo "2149"]
[BlackElo "2195"]
[PlyCount "58"]
[EventDate "2012.10.14"]
[EventType "team-tourn"]
[EventRounds "9"]
[EventCountry "GER"]
[SourceTitle "EXT 2015"]
[Source "ChessBase"]
[SourceDate "2014.11.20"]
[SourceVersion "1"]
[SourceVersionDate "2014.11.20"]
[SourceQuality "1"]
[WhiteTeam "Nuernberg NT II"]
[BlackTeam "Schweinfurt"]
[WhiteTeamCountry "GER"]
[BlackTeamCountry "GER"]

1. d4 d5 2. c4 Nc6 3. cxd5 Qxd5 4. e3 e5 5. Nc3 Bb4 6. Bd2 Bxc3 7. bxc3 Nf6 8. c4 Qd6 9. d5 Ne7 10. Rb1 Nd7 11. Qa4 c6 12. Bb4 Nc5 13. Qa3 b6 14. e4 0-0 15. Nf3 f5 16. Bxc5 bxc5 17. Bd3 fxe4 18. Bxe4 Rf4 19. Nd2 cxd5 20. cxd5 Ba6 21. f3 Rd8 22. Nb3 Rxe4+ 23. fxe4 Qg6 24. Nd2 Qxg2 25. Qf3 Qg5 26. Qg3 Qh6 27. Kd1 Nc6 28. Rg1 Rd6 29. Qa3 Nb4 1/2-1/2

[Event "Oberliga Bayern 1011"]
[Site "Germany"]
[Date "2011.03.20"]
[Round "8.8"]
[White "Lautner, Josef"]
[Black "Ederer, Rene"]
[Result "1-0"]
[WhiteElo "2141"]
[BlackElo "2058"]
[PlyCount "120"]
[EventDate "2010.10.10"]
[EventType "team-tourn"]
[EventRounds "9"]
[EventCountry "GER"]
[SourceTitle "EXT 2012"]
[Source "ChessBase"]
[SourceDate "2011.11.24"]
[SourceVersion "1"]
[SourceVersionDate "2011.11.24"]
[SourceQuality "1"]
[WhiteTeam "Passau"]
[BlackTeam "Nuernberg NT"]
[WhiteTeamCountry "GER"]
[BlackTeamCountry "GER"]

1. d4 c5 2. d5 Nf6 3. c4 e6 4. Nc3 exd5 5. cxd5 d6 6. e4 g6 7. f3 Bg7 8. Bg5 h6 9. Be3 0-0 10. Qd2 Kh7 11. h4 Na6 12. h5 g5 13. Bd3 Nd7 14. f4 gxf4 15. Bxf4 Ne5 16. Nf3 Nxd3+ 17. Qxd3 f5 18. Nh4 Nb4 19. Qg3 Rg8 20. Qg6+ Kh8 21. Qxd6 Nc2+ 22. Kd2 Nxa1 23. Ng6+ Kh7 24. Qxd8 Rxd8 25. e5 Be6 26. d6 Bf7 27. Rxa1 a6 28. Re1 Re8 29. Kc2 Rad8 30. Na4 Bxg6 31. hxg6+ Kxg6 32. e6 Kf6 33. Be5+ Kxe6 34. Bxg7+ Kxd6 35. Rd1+ Kc6 36. Rxd8 Rxd8 37. Bxh6 b5 38. Nc3 Rh8 39. Bf4 Rh4 40. Ne2 Kd5 41. Kd3 Rh1 42. Nc3+ Kc6 43. a3 Re1 44. Ne2 Rb1 45. Be5 Rf1 46. Ke3 Kd5 47. Bg7 a5 48. Bh6 b4 49. axb4 cxb4 50. Kd3 a4 51. Bf8 Rb1 52. Kc2 Re1 53. Nf4+ Kc4 54. Bxb4 Rf1 55. Bd2 Kd4 56. Ne2+ Kc4 57. Be3 Ra1 58. Bc1 Kb4 59. Nd4 Kc4 60. Nxf5 Ra2 1-0

[Event "Mittelfranken-chTB1 1011"]
[Site "Germany"]
[Date "2011.01.23"]
[Round "5.1"]
[White "Konsek, Peter"]
[Black "Ederer, Rene"]
[Result "0-1"]
[WhiteElo "1922"]
[BlackElo "2106"]
[PlyCount "106"]
[EventDate "2010.09.26"]
[EventType "team-tourn"]
[EventRounds "9"]
[EventCountry "GER"]
[SourceTitle "EXT 2012"]
[Source "ChessBase"]
[SourceDate "2011.11.24"]
[SourceVersion "1"]
[SourceVersionDate "2011.11.24"]
[SourceQuality "1"]
[WhiteTeam "Nuernberg Sued SW III"]
[BlackTeam "Nuernberg NT III"]
[WhiteTeamCountry "GER"]
[BlackTeamCountry "GER"]

1. e4 c5 2. Nf3 d6 3. d4 cxd4 4. Nxd4 Nf6 5. Nc3 a6 6. Bg5 Nbd7 7. Bc4 b5 8. Bb3 Bb7 9. f3 Nc5 10. Qd2 e6 11. 0-0-0 Be7 12. Kb1 Nfxe4 13. Nxe4 Nxe4 14. fxe4 Bxg5 15. Qe2 0-0 16. e5 Qb6 17. exd6 Rad8 18. Qg4 Be3 19. Rd3 Bxd4 20. Qxd4 Qxd4 21. Rxd4 Bd5 22. Rhd1 Rxd6 23. Bxd5 Rfd8 24. c4 bxc4 25. Rxc4 Kf8 26. Kc2 Rxd5 27. Rxd5 Rxd5 28. Rc7 e5 29. b4 e4 30. Rc3 f5 31. g3 g5 32. Re3 Re5 33. Kc3 f4 34. Re1 Re6 35. gxf4 gxf4 36. Rf1 f3 37. Kd4 Ke7 38. Ke3 Kd6 39. Rc1 Re5 40. Rc2 Re6 41. a3 Ke5 42. Rc5+ Kf6 43. a4 Re5 44. Rc6+ Kf5 45. Rxa6 Kg4 46. Rh6 Rf5 47. Kf2 e3+ 48. Kf1 f2 49. Re6 Kf3 50. a5 Rg5 51. Rf6+ Ke4 52. Re6+ Kd4 53. Rd6+ Ke5 0-1

[Event "Mittelfranken-chTB1 1011"]
[Site "Germany"]
[Date "2010.12.05"]
[Round "4.1"]
[White "Ederer, Rene"]
[Black "Gueting, Jens"]
[Result "0-1"]
[WhiteElo "2106"]
[BlackElo "2181"]
[PlyCount "96"]
[EventDate "2010.09.26"]
[EventType "team-tourn"]
[EventRounds "9"]
[EventCountry "GER"]
[SourceTitle "EXT 2012"]
[Source "ChessBase"]
[SourceDate "2011.11.24"]
[SourceVersion "1"]
[SourceVersionDate "2011.11.24"]
[SourceQuality "1"]
[WhiteTeam "Nuernberg NT III"]
[BlackTeam "Nuernberg SK 1911"]
[WhiteTeamCountry "GER"]
[BlackTeamCountry "GER"]

1. d4 Nf6 2. c4 e5 3. dxe5 Ng4 4. Bf4 Nc6 5. Nf3 Bb4+ 6. Nbd2 f6 7. a3 fxe5 8. Bg3 Bxd2+ 9. Nxd2 d6 10. e3 Bf5 11. Be2 Nf6 12. Rc1 0-0 13. 0-0 Qe7 14. b4 a6 15. Qb3 Kh8 16. Nb1 Ne4 17. Rcd1 Nxg3 18. hxg3 Bxb1 19. Qxb1 Qe6 20. Qe4 a5 21. b5 Nd8 22. Rd2 Rb8 23. b6 c6 24. Bh5 Qh6 25. Qh4 g5 26. Qg4 Rf6 27. Rfd1 c5 28. Be8 Ne6 29. Bd7 Ng7 30. Qe4 Kg8 31. Bg4 Ne8 32. Qb1 Qf8 33. Qb5 Ra8 34. Qd7 Qf7 35. Qb5 Qe7 36. Qb1 Ra6 37. Qb5 Ra8 38. Rb1 Ng7 39. Qb2 h5 40. Bf3 e4 41. Bd1 g4 42. Qc3 Nf5 43. Rb5 Raf8 44. Qxa5 Nxg3 45. Qc3 Nf5 46. a4 g3 47. Rbb2 Rg6 48. a5 Qh4 0-1

[Event "Oberliga Bayern 0910"]
[Site "Bayern"]
[Date "2010.03.21"]
[Round "8.7"]
[White "Braun, Thomas1111"]
[Black "Ederer, Rene"]
[Result "1-0"]
[WhiteElo "2064"]
[BlackElo "2045"]
[PlyCount "79"]
[EventDate "2009.10.18"]
[EventType "team-tourn"]
[EventRounds "9"]
[EventCountry "GER"]
[SourceTitle "EXT 2011"]
[Source "ChessBase"]
[SourceDate "2010.11.26"]
[SourceVersion "1"]
[SourceVersionDate "2010.11.26"]
[SourceQuality "1"]
[WhiteTeam "Bayern Muenchen II"]
[BlackTeam "Nuernberg NT II"]
[WhiteTeamCountry "GER"]
[BlackTeamCountry "GER"]

1. d4 d6 2. c4 e5 3. Nf3 e4 4. Nfd2 f5 5. e3 Nf6 6. Nc3 g6 7. Be2 Bg7 8. 0-0 0-0 9. b4 Kh8 10. a4 Nc6 11. b5 Ne7 12. Nb3 d5 13. Ba3 Rf7 14. Rc1 g5 15. Qd2 c6 16. bxc6 bxc6 17. Nc5 Ng6 18. cxd5 cxd5 19. Nb3 h5 20. Nb5 Bh6 21. Qa5 Qg8 22. Nd6 Rg7 23. Rxc8 Rxc8 24. Nxc8 Qxc8 25. Rc1 Qd7 26. Bb5 Qf7 27. Rc8+ Kh7 28. Bd6 f4 29. Be5 Nxe5 30. dxe5 Ng4 31. Qd8 Rg8 32. Be8 Qf8 33. Qxd5 fxe3 34. Bg6+ Kxg6 35. Rxf8 Rxf8 36. Qxe4+ Kg7 37. fxe3 Nf2 38. Qd4 g4 39. Nc5 g3 40. Ne6+ 1-0

[Event "Oberliga Bayern 0910"]
[Site "Bayern"]
[Date "2010.02.07"]
[Round "6.8"]
[White "Mueller, Roland1111"]
[Black "Ederer, Rene"]
[Result "0-1"]
[WhiteElo "1965"]
[BlackElo "2045"]
[PlyCount "56"]
[EventDate "2009.10.18"]
[EventType "team-tourn"]
[EventRounds "9"]
[EventCountry "GER"]
[SourceTitle "EXT 2011"]
[Source "ChessBase"]
[SourceDate "2010.11.26"]
[SourceVersion "1"]
[SourceVersionDate "2010.11.26"]
[SourceQuality "1"]
[WhiteTeam "Bad Koenigshofen"]
[BlackTeam "Nuernberg NT II"]
[WhiteTeamCountry "GER"]
[BlackTeamCountry "GER"]

1. d4 c5 2. d5 Nf6 3. c4 e6 4. Nc3 exd5 5. Nxd5 Nxd5 6. Qxd5 Nc6 7. Bd2 d6 8. e3 Be6 9. Qe4 Be7 10. Bc3 Bf6 11. Rc1 Bxc3+ 12. Rxc3 0-0 13. Bd3 g6 14. Nf3 Nb4 15. Qxb7 f5 16. Nd2 d5 17. cxd5 Bxd5 18. Bc4 Bxc4 19. Nxc4 Rb8 20. Qxa7 Nd3+ 21. Ke2 Nxb2 22. Rhc1 Qd5 23. Nd2 Rfd8 24. Nf3 Nd3 25. R1c2 Nf4+ 26. exf4 Qe4+ 27. Re3 Qxc2+ 28. Kf1 Rb2 0-1

[Event "Mittelfranken-chTB1 0910"]
[Site "Mittelfranken"]
[Date "2010.01.31"]
[Round "6.1"]
[White "Roeder, Frank"]
[Black "Ederer, Rene"]
[Result "1-0"]
[WhiteElo "2139"]
[BlackElo "2033"]
[PlyCount "47"]
[EventDate "2009.10.11"]
[EventType "team-tourn"]
[EventRounds "9"]
[EventCountry "GER"]
[SourceTitle "EXT 2011"]
[Source "ChessBase"]
[SourceDate "2010.11.26"]
[SourceVersion "1"]
[SourceVersionDate "2010.11.26"]
[SourceQuality "1"]
[WhiteTeam "Altensittenbach"]
[BlackTeam "Nuernberg NT III"]
[WhiteTeamCountry "GER"]
[BlackTeamCountry "GER"]

1. e4 d6 2. d4 Nf6 3. Nc3 g6 4. Bg5 Bg7 5. e5 dxe5 6. dxe5 Ng4 7. Qxd8+ Kxd8 8. Rd1+ Bd7 9. e6 fxe6 10. Bc4 Ke8 11. Nf3 Ne5 12. Nxe5 Bxe5 13. 0-0 Bxc3 14. bxc3 Nc6 15. Rfe1 Rf8 16. h4 Rd8 17. Rb1 b6 18. Bb5 Kf7 19. Re4 Na5 20. Bh6 Rfe8 21. Bd3 Nb7 22. h5 Rg8 23. Rf4+ Ke8 24. hxg6 1-0

[Event "Mittelfranken-chTB1 0910"]
[Site "Mittelfranken"]
[Date "2009.11.22"]
[Round "3.1"]
[White "Rosin, Ralf"]
[Black "Ederer, Rene"]
[Result "0-1"]
[WhiteElo "2021"]
[BlackElo "2033"]
[PlyCount "78"]
[EventDate "2009.10.11"]
[EventType "team-tourn"]
[EventRounds "9"]
[EventCountry "GER"]
[SourceTitle "EXT 2011"]
[Source "ChessBase"]
[SourceDate "2010.11.26"]
[SourceVersion "1"]
[SourceVersionDate "2010.11.26"]
[SourceQuality "1"]
[WhiteTeam "Grossenseebach"]
[BlackTeam "Nuernberg NT III"]
[WhiteTeamCountry "GER"]
[BlackTeamCountry "GER"]

1. d4 c5 2. c3 Nf6 3. dxc5 e6 4. b4 a5 5. Qb3 b6 6. cxb6 axb4 7. cxb4 Qxb6 8. Bd2 Ne4 9. e3 Nxd2 10. Nxd2 Bxb4 11. Ngf3 Nc6 12. Bd3 Ra3 13. Qc2 Bc3 14. 0-0 Bxa1 15. Nc4 Nb4 16. Qc1 Qa6 17. Qxa3 Qxa3 18. Nxa3 Bb2 19. Nc4 Nxd3 20. Rd1 d5 21. Nd6+ Ke7 22. Nxf7 Kxf7 23. Rxd3 Bd7 24. Rb3 Bf6 25. g4 h6 26. h4 g5 27. Nd2 Ra8 28. a3 Be7 29. Nb1 Ra4 30. f3 Kf6 31. Kf2 Be8 32. Rb6 Bg6 33. Nc3 Ra5 34. a4 Bc2 35. Nb5 Bxa4 36. Nd4 Bd7 37. Rb7 Be8 38. Kg3 Ra3 39. Rb8 Bd6+ 0-1

[Event "Mittelfrankenliga-B1 0607"]
[Site "Mittelfranken"]
[Date "2007.03.25"]
[Round "8.4"]
[White "Ederer, Rene"]
[Black "Hepting, Heinrich"]
[Result "0-1"]
[WhiteElo "1996"]
[BlackElo "2169"]
[PlyCount "82"]
[EventDate "2006.10.22"]
[EventType "team-tourn"]
[EventRounds "9"]
[EventCountry "GER"]
[SourceTitle "EXT 2011"]
[Source "ChessBase"]
[SourceDate "2010.11.26"]
[SourceVersion "1"]
[SourceVersionDate "2010.11.26"]
[SourceQuality "1"]
[WhiteTeam "Nuernberg NT III"]
[BlackTeam "Fuerth SZ"]
[WhiteTeamCountry "GER"]
[BlackTeamCountry "GER"]

1. d4 Nf6 2. c4 g6 3. Nc3 Bg7 4. e4 d6 5. f3 0-0 6. Be3 Nc6 7. Bd3 e5 8. d5 Nd4 9. Nge2 Nd7 10. Bc2 Nxc2+ 11. Qxc2 Bh6 12. Bxh6 Qh4+ 13. g3 Qxh6 14. Qd2 Qxd2+ 15. Kxd2 Nb6 16. b3 f5 17. f4 c6 18. fxe5 dxe5 19. c5 Nd7 20. b4 Nf6 21. d6 fxe4 22. a3 a5 23. Rad1 axb4 24. axb4 Ra3 25. Ra1 e3+ 26. Kc2 Rxa1 27. Rxa1 Nd5 28. Ra4 Bf5+ 29. Kb3 Bd3 30. Nc1 Nxc3 31. Kxc3 Ba6 32. Rxa6 bxa6 33. Nb3 Kf7 34. Kd3 Ke6 35. Kxe3 Rb8 36. Na5 Kd5 37. Kd3 Rxb4 38. d7 Rd4+ 39. Ke3 Ke6 40. Nxc6 Rxd7 41. Na5 Kd5 0-1

[Event "Mittelfrankenliga-B1 0506"]
[Site "Germany"]
[Date "2006.02.12"]
[Round "6.3"]
[White "Ederer, Rene"]
[Black "Manthey, Frank"]
[Result "1/2-1/2"]
[WhiteElo "1936"]
[BlackElo "2018"]
[PlyCount "83"]
[EventDate "2005.10.16"]
[EventType "team"]
[EventRounds "9"]
[EventCountry "GER"]
[SourceTitle "EXT 2007"]
[Source "ChessBase"]
[SourceDate "2006.11.23"]
[SourceVersion "1"]
[SourceVersionDate "2006.11.23"]
[SourceQuality "1"]

1. d4 d5 2. c4 e6 3. Nc3 Nf6 4. Nf3 Be7 5. Bg5 0-0 6. e3 h6 7. Bh4 b6 8. cxd5 Nxd5 9. Bxe7 Qxe7 10. Rc1 Bb7 11. Be2 Rc8 12. 0-0 Nd7 13. Nxd5 exd5 14. Qc2 c5 15. Qf5 Nf8 16. Rfe1 Rc7 17. Rc2 Rd8 18. Rec1 Bc8 19. Qe5 Qxe5 20. Nxe5 Bf5 21. Bd3 Bxd3 22. Nxd3 c4 23. Nf4 b5 24. Kf1 Rc6 25. a3 a5 26. Ke1 Rb6 27. Ne2 Ne6 28. h4 Ra8 29. Nc3 Nc7 30. Kd2 Rf6 31. Ke2 Re6 32. Kd2 b4 33. Na4 Na6 34. Ra1 Rb8 35. axb4 Nxb4 36. Rc3 Nd3 37. f3 Rb4 38. b3 Re7 39. bxc4 dxc4 40. e4 Nf4 41. g4 Rd7 42. d5 1/2-1/2

[Event "Mittelfrankenliga-B1 0506"]
[Site "Germany"]
[Date "2005.11.20"]
[Round "2.3"]
[White "Walther, Reinhard"]
[Black "Ederer, Rene"]
[Result "1-0"]
[WhiteElo "1960"]
[BlackElo "1936"]
[PlyCount "29"]
[EventDate "2005.10.16"]
[EventType "team"]
[EventRounds "9"]
[EventCountry "GER"]
[SourceTitle "EXT 2007"]
[Source "ChessBase"]
[SourceDate "2006.11.23"]
[SourceVersion "1"]
[SourceVersionDate "2006.11.23"]
[SourceQuality "1"]

1. d4 Nf6 2. c4 c5 3. d5 e6 4. Nc3 exd5 5. cxd5 d6 6. e4 g6 7. f4 Bg7 8. Nf3 0-0 9. Bd3 Re8 10. 0-0 Bg4 11. h3 Bxf3 12. Qxf3 Nbd7 13. Be3 Nxe4 14. Nxe4 f5 15. Nf2 1-0

[Event "Mittelfranken-ch HT 54th"]
[Site "Forchheim"]
[Date "2005.03.26"]
[Round "9"]
[White "Ederer, Rene"]
[Black "Muskat, Gunter"]
[Result "1/2-1/2"]
[WhiteElo "1903"]
[BlackElo "1886"]
[PlyCount "38"]
[EventDate "2005.03.22"]
[EventType "swiss"]
[EventRounds "9"]
[EventCountry "GER"]
[SourceTitle "EXT 2011"]
[Source "ChessBase"]
[SourceDate "2010.11.26"]
[SourceVersion "1"]
[SourceVersionDate "2010.11.26"]
[SourceQuality "1"]

1. d4 Nf6 2. c4 e6 3. Nc3 Bb4 4. Qc2 d5 5. e3 Ne4 6. Bd3 f5 7. Nf3 0-0 8. a3 Bxc3+ 9. bxc3 Nc6 10. 0-0 Rf6 11. Nd2 Rh6 12. f3 Nd6 13. cxd5 exd5 14. Rd1 Qh4 15. Nf1 Rg6 16. Bd2 Bd7 17. Be1 Qe7 18. Bg3 Rf8 19. Re1 Qg5 1/2-1/2

[Event "Mittelfranken-ch HT 54th"]
[Site "Forchheim"]
[Date "2005.03.24"]
[Round "5"]
[White "Ederer, Rene"]
[Black "Woerl, Richard"]
[Result "0-1"]
[WhiteElo "1903"]
[BlackElo "1928"]
[PlyCount "48"]
[EventDate "2005.03.22"]
[EventType "swiss"]
[EventRounds "9"]
[EventCountry "GER"]
[SourceTitle "EXT 2011"]
[Source "ChessBase"]
[SourceDate "2010.11.26"]
[SourceVersion "1"]
[SourceVersionDate "2010.11.26"]
[SourceQuality "1"]

1. d4 d5 2. c4 e6 3. Nc3 Nf6 4. Nf3 c6 5. cxd5 exd5 6. Qc2 Be7 7. Bg5 0-0 8. e3 Ne4 9. Bxe7 Qxe7 10. Bd3 f5 11. 0-0 Nd7 12. a3 Rf6 13. b4 a6 14. Na4 Rh6 15. Nc5 Ndf6 16. Ne5 Nxc5 17. bxc5 Ng4 18. Nxg4 fxg4 19. Rfb1 Qh4 20. h3 gxh3 21. g3 h2+ 22. Kh1 Qh5 23. Bf1 Bf5 24. Qd2 Qf3+ 0-1